Substitution vs. addiction in the true index of real wages (Registro nro. 27979)

Detalles MARC
000 -LEADER
fixed length control field 00383 a2200121 4500
001 - CONTROL NUMBER
control field ART_17933
005 - DATE AND TIME OF LATEST TRANSACTION
control field 20260410161924.0
008 - FIXED-LENGTH DATA ELEMENTS--GENERAL INFORMATION
fixed length control field 260409a
100 1# - MAIN ENTRY--PERSONAL NAME
Personal name Phlips, Louis
245 10 - TITLE STATEMENT
Title Substitution vs. addiction in the true index of real wages
700 1# - ADDED ENTRY--PERSONAL NAME
Personal name Pieraerts, Pierre
773 0# - HOST ITEM ENTRY
Title The American Economic Review
Related parts - Vol. 69, Nº 5 (dic. 1979)
Record control number REV16190

No hay ítems disponibles.